Besiktas players (2010-2020) - Statistics

General Stats
  • This quiz has been taken 24 times
  • The average score is 57 of 131
Answer Stats
Rank Player Positions Nationality Matches Goals (assists) Period % Correct
2 Atiba Hutchinson DM 204 18 (23) 2013-2020
100%
4 Ricardo Quaresma RW 148 21 (52) 2010-2012, 2015-2020
100%
9 Cenk Tosun ST 96 41 (9) 2014-2018
95%
3 Oğuzhan Özyakup CM 194 26 (38) 2012-2020
91%
22 Domagoj Vida CB 75 9 (1) 2017-2020
86%
27 Fabri GK 66 0 (0) 2016-2018
86%
6 Gökhan Gönül RB 113 8 (12) 2016-2020
86%
46 Mario Gómez ST 33 26 (6) 2015-2016
86%
14 Caner Erkin LB 87 4 (22) 2016-2020
82%
50 Demba Ba ST 31 19 (5) 2014-2015, 2016-2017
82%
1 Necip Uysal CB 213 3 (9) 2010-2020
82%
19 Adriano LB 78 3 (10) 2016-2019
77%
72 Cyle Larin ST 16 5 (0) 2017-2019
77%
32 Loris Karius GK 55 0 (0) 2018-2020
77%
5 Olcay Şahan LW 142 34 (26) 2012-2017
77%
15 Tolga Zengin GK 87 0 (1) 2013-2017, 2018-2019
77%
54 Vincent Aboubakar ST 27 12 (4) 2016-2017
77%
56 Georges-Kevin N'Koudou LW 26 3 (1) 2019-2020
73%
23 Jeremain Lens RW 75 4 (10) 2017-2020
73%
39 Marcelo CB 46 5 (0) 2015-2017
73%
33 Talisca AM 55 27 (9) 2016-2018
73%
7 Veli Kavlak CM 110 6 (14) 2011-2016
73%
37 Adem Ljajic AM 51 14 (18) 2018-2020
68%
35 Andreas Beck RB 52 0 (3) 2015-2018
68%
41 Burak Yılmaz ST 40 24 (8) 2018-2020
68%
38 Gary Medel CB 51 1 (1) 2017-2020
68%
17 Gökhan Töre RW 85 12 (19) 2013-2016, 2017-2019
68%
18 Hugo Almeida ST 85 36 (16) 2010-2014
68%
30 José Sosa AM 58 12 (20) 2014-2016
68%
16 Manuel Fernandes AM 86 15 (29) 2010-2014
68%
8 Mustafa Pektemek ST 105 23 (9) 2011-2016, 2017-2019
68%
28 Ryan Babel LW 62 22 (11) 2016-2019
68%
78 Shinji Kagawa AM 14 4 (2) 2018-2019
68%
49 Abdoulay Diaby RW 31 5 (2) 2019-2020
64%
45 Álvaro Negredo ST 35 9 (7) 2017-2019
64%
26 Dusko Tosic CB 66 7 (3) 2015-2018
64%
70 Enzo Roco CB 17 0 (0) 2018-2020
64%
53 Mohamed Elneny DM 27 1 (4) 2019-2020
64%
48 Pepe CB 33 5 (2) 2017-2019
64%
11 Tomas Sivok CB 94 11 (5) 2010-2015
64%
114 Denys Boyko GK 3 0 (0) 2015-2016
59%
31 Fabian Ernst DM 55 4 (3) 2010-2012
59%
20 Filip Holosko RW 76 17 (9) 2010-2014
59%
103 Rıdvan Yılmaz LB 7 0 (1) 2018-2020
59%
65 Tyler Boyd LW 21 1 (1) 2019-2020
59%
55 Allan McGregor GK 26 0 (0) 2012-2013
55%
62 Bobô ST 21 8 (1) 2010-2011
55%
74 Gökhan Inler DM 14 0 (1) 2016-2017
55%
120 Matías Delgado AM 2 0 (0) 2010-2011
55%
21 Roberto Hilbert RB 76 5 (7) 2010-2013
55%
97 Erhan Güven RB 8 0 (0) 2010-2011
50%
10 Ersan Gülüm CB 94 2 (2) 2010-2016
50%
59 Guti CM 23 7 (7) 2010-2012
50%
40 Güven Yalçın ST 42 11 (3) 2018-2020
50%
24 İbrahim Toraman CB 73 7 (2) 2010-2014
50%
109 Kartal Yılmaz DM 5 0 (0) 2019-2020
50%
94 Matej Mitrovic CB 9 0 (0) 2016-2018
50%
101 Matteo Ferrari CB 7 0 (0) 2010-2011
50%
60 Rhodolfo CB 23 2 (0) 2015-2017
50%
13 Tolgay Arslan AM 89 0 (11) 2014-2019
50%
61 Víctor Ruiz CB 23 0 (1) 2019-2020
50%
123 Aras Özbiliz RW 1 0 (0) 2016-2017
45%
29 Cenk Gönen GK 60 0 (0) 2010-2015
45%
25 Kerim Frei LW 68 7 (4) 2013-2017
45%
68 Ömer Şişmanoğlu ST 18 4 (0) 2013-2014, 2016-2017
45%
95 Pedro Rebocho LB 9 0 (0) 2019-2020
45%
77 Rodrigo Tabata AM 14 0 (7) 2010-2011
45%
98 Ersin Destanoğlu GK 8 0 (0) 2019-2020
41%
12 İsmail Köybaşı LM 90 1 (9) 2010-2012, 2013-2016
41%
116 Orkan Çınar RW 3 0 (0) 2019-2020
41%
42 Simão LW 40 8 (10) 2010-2012
41%
71 Umut Nayir ST 17 4 (0) 2019-2020
41%
122 Utku Yuvakuran GK 2 0 (0) 2018-2020
41%
67 Atınç Nukan CB 19 1 (0) 2010-2011, 2014-2015, 2016-2017
36%
76 Nicolas Isimat-Mirin CB 14 0 (0) 2018-2019
36%
43 Pedro Franco CB 39 1 (0) 2013-2015
36%
118 Alexander Milosevic CB 2 0 (0) 2014-2016
32%
99 Hakan Arıkan GK 8 0 (0) 2010-2011
32%
73 İbrahim Üzülmez LB 15 0 (1) 2010-2011
32%
87 Jermaine Jones DM 10 0 (0) 2013-2014
32%
69 Vágner Love ST 18 6 (0) 2017-2019
32%
86 Alexis Ruano CB 10 1 (0) 2015-2016
27%
113 Bebé LW 3 0 (0) 2011-2012
27%
52 Dorukhan Toköz CM 27 3 (3) 2018-2020
27%
107 Douglas RB 5 0 (0) 2019-2020
27%
44 Ekrem Dag RB 38 2 (1) 2010-2012
27%
58 Julien Escudé CB 25 2 (0) 2012-2014
27%
127 Kadir Ari LW 1 0 (0) 2012-2013
27%
66 Rüştü Reçber GK 20 0 (0) 2010-2012
27%
36 Serdar Kurtuluş RB 52 0 (3) 2013-2016
27%
105 Daniel Opare RB 6 1 (0) 2014-2015
23%
96 Dentinho ST 8 0 (0) 2012-2014
23%
80 Günay Güvenç GK 12 0 (0) 2014-2016
23%
82 Kevin-Prince Boateng AM 11 3 (1) 2019-2020
23%
88 Mamadou Niang ST 10 3 (2) 2012-2013
23%
112 Michael Eneramo ST 4 1 (0) 2013-2014
23%
110 Michael Fink CB 5 0 (0) 2010-2011
23%
129 Muhayer Oktay CM 1 0 (0) 2019-2020
23%
104 Tomas Zapotocny CB 7 0 (0) 2010-2011
23%
57 Uğur Boral LM 26 1 (2) 2012-2015
23%
81 Batuhan Karadeniz ST 11 0 (2) 2012-2013
18%
63 Edú ST 21 3 (0) 2011-2012
18%
79 Gökhan Süzen LB 12 0 (0) 2012-2013
18%
47 Mehmet Aurélio DM 33 1 (1) 2010-2012
18%
85 Nihat Kahveci ST 11 0 (1) 2010-2011
18%
34 Ramon LB 53 3 (6) 2013-2016
18%
90 Tanju Kayhan RB 10 0 (0) 2011-2012
18%
91 Dany Nounkeu CB 9 0 (2) 2013-2014
14%
108 Fatih Aksoy CB 5 0 (0) 2017-2019
14%
100 Hasan Türk CM 8 0 (0) 2012-2013
14%
115 Júlio Alves CM 3 0 (0) 2011-2012
14%
64 Mert Nobre ST 21 6 (0) 2010-2011
14%
75 Muhammed Demirci AM 14 0 (0) 2011-2014
14%
126 Erdoğan Kaya CB 1 0 (0) 2019-2020
9%
119 Fatih Tekke ST 2 0 (0) 2010-2011
9%
117 Rıdvan Şimşek RB 3 0 (0) 2010-2011
9%
111 Ali Kucık ST 4 1 (0) 2010-2011
5%
106 Burak Kaplan AM 5 0 (0) 2011-2012
5%
124 Cumali Bişi DM 1 0 (0) 2010-2011
5%
125 Doğukan Pala LB 1 0 (0) 2010-2011
5%
51 Egemen Korkmaz CB 31 1 (2) 2011-2012
5%
93 Erkan Kaş LB 9 0 (0) 2012-2013
5%
83 Mehmet Akgün CM 11 0 (1) 2012-2014
5%
84 Mehmet Akyüz ST 11 0 (0) 2011-2013
5%
89 Sidnei CB 10 2 (0) 2011-2012
5%
121 Sinan Kurumuş ST 2 0 (0) 2012-2013
5%
131 Yusuf Şimşek AM 1 0 (0) 2010-2011
5%
92 Emre Özkan CB 9 0 (1) 2012-2013
0%
128 Mertcan Demirer CM 1 0 (0) 2010-2011
0%
102 Onur Bayramoğlu CM 7 0 (0) 2010-2011
0%
130 Volkan Ekici AM 1 0 (0) 2010-2011
0%
No matching quizzes found
Score Distribution
Percent of People with Each Score
Percentile by Number Answered
Your Score History
You have not taken this quiz